<?xml version="1.0" encoding="UTF-8"?>
<collection xmlns="http://www.loc.gov/MARC21/slim">
 <record>
  <leader>00633pamaa2200169   4500</leader>
  <controlfield tag="001">0000020777</controlfield>
  <controlfield tag="005">20061124090000.0</controlfield>
  <datafield tag="020" ind1="0" ind2="0">
   <subfield code="a">0533094984 </subfield>
  </datafield>
  <datafield tag="090" ind1="0" ind2="0">
   <subfield code="a">PR9320.9.G53 </subfield>
   <subfield code="b">GIL 1991</subfield>
  </datafield>
  <datafield tag="100" ind1="1" ind2="0">
   <subfield code="a">GILROY </subfield>
  </datafield>
  <datafield tag="245" ind1="1" ind2="0">
   <subfield code="a">Stedman and Joanna, a love in bondage : </subfield>
   <subfield code="b">dedicated love in the eighteenth century  </subfield>
   <subfield code="c">Beryl Gilroy.</subfield>
  </datafield>
  <datafield tag="260" ind1="0" ind2="0">
   <subfield code="a">New York: </subfield>
   <subfield code="b">Vantage Press, </subfield>
   <subfield code="c">1991.</subfield>
  </datafield>
  <datafield tag="300" ind1=" " ind2=" ">
   <subfield code="a">181p.; </subfield>
   <subfield code="c">21cm.</subfield>
  </datafield>
  <datafield tag="600" ind1="1" ind2="0">
   <subfield code="a">Stedman, John Gabriel, </subfield>
   <subfield code="d">1744-1797</subfield>
  </datafield>
  <datafield tag="650" ind1="0" ind2="0">
   <subfield code="a">Civilization, Modern -- </subfield>
   <subfield code="x">Fiction -- </subfield>
   <subfield code="y">18th century </subfield>
  </datafield>
  <datafield tag="650" ind1="0" ind2="0">
   <subfield code="a">Slaves -- </subfield>
   <subfield code="x">Emancipation -- </subfield>
   <subfield code="x">History -- </subfield>
   <subfield code="x">Fiction -- </subfield>
   <subfield code="z">Surinam </subfield>
  </datafield>
  <datafield tag="651" ind1="0" ind2="0">
   <subfield code="a">Surinam -- </subfield>
   <subfield code="x">History -- </subfield>
   <subfield code="x">Fiction -- </subfield>
   <subfield code="y">To 1814 </subfield>
  </datafield>
 </record>
</collection>
